Trauma and orthopaedics at a glance/ (Record no. 121508)

MARC details
000 -LEADER
fixed length control field 00937nam a2200289 a 4500
008 - FIXED-LENGTH DATA ELEMENTS--GENERAL INFORMATION
fixed length control field
020 ## - INTERNATIONAL STANDARD BOOK NUMBER
International Standard Book Number 9781118802533 (paperback)
040 ## - CATALOGING SOURCE
Original cataloging agency NUST
Transcribing agency NUST
049 ## - LOCAL HOLDINGS (OCLC)
Holding library MAIN
090 ## - LOCALLY ASSIGNED LC-TYPE CALL NUMBER (OCLC); LOCAL CALL NUMBER (RLIN)
Classification number (OCLC) (R) ; Classification number, CALL (RLIN) (NR) RC925
Local cutter number (OCLC) ; Book number/undivided call number, CALL (RLIN) WIL
003 - CONTROL NUMBER IDENTIFIER
control field
005 - DATE AND TIME OF LATEST TRANSACTION
control field 20230120204335.0
100 1# - MAIN ENTRY--PERSONAL NAME
Personal name Willmott, Henry.,
-- author.
245 10 - TITLE STATEMENT
Title Trauma and orthopaedics at a glance/
Statement of responsibility, etc. Henry Willmott.
260 ## - PUBLICATION, DISTRIBUTION, ETC.
Place of publication, distribution, etc. West Sussex, U.K
Name of publisher, distributor, etc. John Wiley & Sons,
Date of publication, distribution, etc. 2016.
300 ## - PHYSICAL DESCRIPTION
Extent x, 128 pages :
Other physical details illustrations (chiefly colour) ;
Dimensions 28 cm.
336 ## - CONTENT TYPE
Content type term text
Content type code txt
Source rdacontent
337 ## - MEDIA TYPE
Media type term unmediated
Media type code n
Source rdamedia
338 ## - CARRIER TYPE
Carrier type term volume
Carrier type code nc
Source rdacarrier
500 ## - GENERAL NOTE
General note Includes index.
650 #1 - SUBJECT ADDED ENTRY--TOPICAL TERM
Topical term or geographic name entry element Musculoskeletal Diseases
General subdivision therapy.
650 ## - SUBJECT ADDED ENTRY--TOPICAL TERM
Topical term or geographic name entry element Orthopedic Procedures.
650 ## - SUBJECT ADDED ENTRY--TOPICAL TERM
Topical term or geographic name entry element Musculoskeletal System
General subdivision injuries.
650 ## - SUBJECT ADDED ENTRY--TOPICAL TERM
Topical term or geographic name entry element Wounds and Injuries
General subdivision therapy.
907 ## - LOCAL DATA ELEMENT G, LDG (RLIN)
a .b10413698
b 18-02-22
c 18-02-22
942 ## - ADDED ENTRY ELEMENTS (KOHA)
Koha item type Ordinary Loan Books
Call number prefix RC925
Call number suffix WIL
Holdings
Date last seen Total Checkouts Full call number Barcode Cost, replacement price Price effective from Koha item type Lost status Source of classification or shelving scheme Damaged status Not for loan Collection Withdrawn status Home library Current library Shelving location Date acquired Cost, normal purchase price
01/20/2023   RC925 WIL 92004050839 80.00 01/20/2023 BOOKS   LCC     NFIC   MEDICAL MEDICAL GEN 01/20/2023 80.00